000 00866cam a2200265 a 4500
001 2678
005 20240523084213.0
020 _a0590449400
040 _aDLC
_cDLC
_dDLC
_beng
050 0 0 _aTH4811.5
082 0 0 _a690.837
100 1 _aGibbons, Gail
245 1 0 _aHow a house is built /
_c by Gail Gibbons
250 _aFirst Scholastic printing, July 1991
260 _aNew York :
_bScholastic ,
_c1990
300 _a30 unnumbered pages :
_bcolor illustrations ;
_c21 cm.
505 _aN
520 _aDescribes how the surveyor, heavy machinery operators, carpenter crew, plumbers, and other workers build a house.
521 _a570
_bLexile
521 _aN
_bRaz-Plus
650 0 _aHouse construction
_xJuvenile literature.
650 1 _aHouse construction.
906 _a7
_bcbc
_corignew
_d1
_eocip
_f19
_gy-gencatlg
942 _2ddc
_cBK
_n0
999 _c2678
_d2678